| 000 | 00705nam a2200229 a 4500 | ||
|---|---|---|---|
| 001 | 51010 | ||
| 003 | BD-RjUL | ||
| 005 | 20211209075610.0 | ||
| 008 | 160829m19631946enk 001 0 eng d | ||
| 035 | _a(BD-RjUL)51130 | ||
| 040 |
_aDLC _cWIT _dSER/EUX _dBD-RjUL _beng |
||
| 041 | _aeng | ||
| 082 |
_a515 _223 _bMAM 1963 |
||
| 100 | 1 |
_aMaxwell, E. A. _9151048 |
|
| 245 | 1 | 4 |
_aThe methods of plane projective geometry based on the use of general homogeneous coordinates / _cE.A. Maxwell |
| 250 | _a1st ed. | ||
| 260 |
_aCambridge : _bCambridge University Press, _c1946, [Edition 1963] |
||
| 300 |
_axix, 230 p. ; _c23 cm. |
||
| 500 | _aindex | ||
| 650 | 0 |
_aGeometry _v Projective _9152628 |
|
| 942 |
_2ddc _cBK |
||
| 999 |
_c51010 _d51010 |
||